Highway research record. (Record no. 548295)
[ view plain ]
| 000 -LEADER | |
|---|---|
| fixed length control field | 00558cas a2200169 4500 |
| 022 ## - INTERNATIONAL STANDARD SERIAL NUMBER | |
| International Standard Serial Number | 0073-2206 |
| 082 ## - DEWEY DECIMAL CLASSIFICATION NUMBER | |
| Classification number | 631.42 |
| Author Mark | HIG |
| -- | L-16, P-28 |
| 245 00 - TITLE STATEMENT | |
| Title | Highway research record. |
| 260 ## - PUBLICATION, DISTRIBUTION, ETC. | |
| Place of publication, distribution, etc. | Washington, |
| Name of publisher, distributor, etc. | National Research Council, Highway Research Board, |
| Date of publication, distribution, etc. | 1963-1973. |
| 300 ## - PHYSICAL DESCRIPTION | |
| Extent | 80 |
| Dimensions | 22cm |
| Other physical details | ill. |
| 490 1# - SERIES STATEMENT | |
| Series statement | <-1973>: Publication - National Research Council |
| 526 ## - STUDY PROGRAM INFORMATION NOTE | |
| Program name | 0 |
| Interest level | 0 |
| Reading level | 0 |
| Title point value | 631_420000000000000_HIG |
| 650 #0 - SUBJECT ADDED ENTRY--TOPICAL TERM | |
| Topical term or geographic name entry element | MCE |
| General subdivision | Design and construction. |
| 9 (RLIN) | 42724 |
| 650 #0 - SUBJECT ADDED ENTRY--TOPICAL TERM | |
| Topical term or geographic name entry element | Roads. |
| 710 2# - ADDED ENTRY--CORPORATE NAME | |
| Corporate name or jurisdiction name as entry element | National Research Council (U.S.). |
| 9 (RLIN) | 20017 |
| 942 ## - ADDED ENTRY ELEMENTS (KOHA) | |
| Source of classification or shelving scheme | |
| Koha item type | Book |
| Withdrawn status | Lost status | Source of classification or shelving scheme | Damaged status | Not for loan | Permanent Location | Current Location | Date acquired | Total Checkouts | Full call number | Barcode | Date last seen | Date last checked out | Price effective from | Koha item type |
|---|---|---|---|---|---|---|---|---|---|---|---|---|---|---|
| Military College of Engineering (MCE) | Military College of Engineering (MCE) | 08/26/2014 | 3 | 631.42 HIG | MCE-3027 | 10/02/2018 | 10/01/2018 | 08/26/2014 | Book |
